|
|
|
|
| LEADER |
00000nas a2200000 a 4500 |
| 001 |
ssj0029777 |
| 003 |
WaSeSS |
| 005 |
20200512172242.0 |
| 006 |
m d |
| 007 |
cr n |
| 008 |
040614c20049999nyuuu pss 0 a0eng c |
| 010 |
|
|
|a 2004700269
|
| 015 |
|
|
|a GBA995845
|2 bnb
|
| 016 |
7 |
|
|a 2148302-4
|2 DE-600
|
| 016 |
7 |
|
|a 012914318
|2 Uk
|
| 022 |
|
|
|a 1741-4288
|l 1741-427X
|y 1741-427X
|
| 035 |
|
|
|a (WaSeSS)ssj0029777
|
| 040 |
|
|
|a VPI
|b eng
|e pn
|c VPI
|d VAM
|d TJC
|d CGU
|d CUS
|d OCL
|d LDL
|d MXC
|d OCLCQ
|d OCL
|d DLC
|d UQ1
|d OCLCQ
|d GUA
|d HEBIS
|d UKMGB
|d OCLCQ
|d OCLCO
|d OCLCF
|d OCLCO
|d EUW
|d OCLCO
|d OCLCQ
|d OCLCO
|d OCLCQ
|d DLC
|d OCLCO
|d CCO
|d OCLCO
|d OCLCQ
|d DGU
|d WT2
|d WY@
|d OCLCO
|d OCLCQ
|d OCLCA
|d BUF
|d U3W
|d MOW
|d OCLCQ
|d OCLCO
|d AU@
|d OCLCO
|d WYU
|d OCLCO
|d OCLCA
|d VT2
|d OCLCO
|d OCLCA
|d TKN
|d OCLCO
|d CNTRU
|d OCLCQ
|d OCLCO
|d OCLCA
|d WaSeSS
|
| 042 |
|
|
|a pcc
|
| 050 |
0 |
0 |
|a R733
|
| 060 |
0 |
0 |
|a W1
|b EV251
|
| 082 |
0 |
4 |
|a 615.505
|
| 130 |
0 |
|
|a Evidence-based complementary and alternative medicine (Online)
|
| 245 |
1 |
0 |
|a Evidence-based complementary and alternative medicine
|h [electronic resource].
|
| 246 |
1 |
3 |
|a ECAM
|
| 260 |
|
|
|3 2004-2010 :
|a Oxford, UK :
|b Oxford University Press,
|c 2004-
|
| 260 |
3 |
|
|3 2011- :
|a New York, NY :
|a Hindawi Publishing Corporation
|
| 362 |
1 |
|
|a Began with vol. 2004.
|
| 506 |
|
|
|a License restrictions may limit access.
|
| 515 |
|
|
|a Articles added intermittently throughout the year, grouped by year, with each article also assigned an article ID no.
|
| 588 |
0 |
|
|a Vol. 2004; title from journal home page (Oxford Journals, viewed Apr. 26, 2010).
|
| 588 |
1 |
|
|a Vol. 2016, article id 6826175 (publisher's Web site, viewed Apr. 20, 2016).
|
| 650 |
|
0 |
|a Alternative medicine
|v Periodicals.
|
| 650 |
|
0 |
|a Evidence-based medicine
|v Periodicals.
|
| 650 |
|
2 |
|a Complementary Therapies.
|
| 650 |
|
2 |
|a Evidence-Based Medicine.
|
| 650 |
|
7 |
|a Alternative medicine.
|2 fast
|0 (OCoLC)fst00806153
|
| 650 |
|
7 |
|a Evidence-based medicine.
|2 fast
|0 (OCoLC)fst00917247
|
| 650 |
1 |
7 |
|a Médecine douce.
|2 rasuqam
|
| 650 |
1 |
7 |
|a Médecine factuelle.
|2 rasuqam
|
| 655 |
|
0 |
|a Electronic journals.
|
| 710 |
2 |
|
|a Hindawi Publishing Corporation.
|
| 776 |
0 |
8 |
|i Print version:
|t Evidence-based complementary and alternative medicine
|x 1741-427X
|w (DLC) 2006219006
|w (OCoLC)56911604
|
| 850 |
|
|
|a DLC
|
| 856 |
4 |
0 |
|z Full text available from Research Library: 01/01/2011 to present
|u https://search.proquest.com/publication/2037463
|